「春」がつく駅(26件) - Statistics

General Stats
  • This quiz has been taken 2 times
  • The average score is 12 of 26
Answer Stats
Hint Answer % Correct
東京都 春日
100%
山梨県 春日居町
100%
愛知県 春日井
100%
愛知県 春日井
100%
大阪府 春木
100%
福岡県 春日
100%
福島県 三春
50%
埼玉県 北春日部
50%
埼玉県 春日部
50%
埼玉県 豊春
50%
東京都 練馬春日町
50%
福井県 春江
50%
山梨県 日野春
50%
静岡県 春日町
50%
愛知県 春田
50%
香川県 春日川
50%
福岡県 春日原
50%
熊本県 再春医療センター前
50%
岩手県 春木場
0%
新潟県 春日山
0%
福井県 西春江ハートピア
0%
愛知県 西春
0%
兵庫県 春日野道
0%
愛媛県 春賀
0%
福岡県 香春口三萩野
0%
福岡県 香春
0%
No matching quizzes found
Score Distribution
Percent of People with Each Score
Percentile by Number Answered
Your Score History
You have not taken this quiz